Vista normal
Vista MARC
Entrada Topical Term
Número de registros utilizados en: 1
001 - CONTROL NUMBER
- control field: 22301
003 - CONTROL NUMBER IDENTIFIER
- control field: OSt
005 - DATE AND TIME OF LATEST TRANSACTION
- control field: 20230915230841.0
008 - FIXED-LENGTH DATA ELEMENTS
- fixed length control field: 230915|| aca||aabn | a|a d
040 ## - CATALOGING SOURCE
- Original cataloging agency: OSt
- Transcribing agency: OSt
150 ## - HEADING--TOPICAL TERM
- Topical term or geographic name entry element: PESCA - MANUALES
670 ## - SOURCE DATA FOUND
- Source citation: Work cat.: (OSt)25690: Estrada Estrada, Monica; Beltran Galeano, Isabel Cristina; Padilla Cabrera, Yolima Cecilia 22298, El ordenamiento pesquero y acuícola dentro del ordenamiento territorial y el ambiental - Manual Metodológico - , Inpa 2000